Normal view
MARC view
- Laurell, Asa Cristina
Entry Nombre Personal
001 - NUMERO DE CONTROL
- campo de control: 28961
003 - IDENTIFICADOR DE NUMERO DE CONTROL
- campo de control: MX-MXUPN
005 - FECHA Y HORA DE LA ÜLTIMA TRANSACCIÓN
- campo de control: 20240506113557.0
008 - DATOS DE LONGITUD FIJA
- campo de control de longitud fija: 240506nn|acannaabn | aaa |d
035 ## - NUMERO DE CONTROL
- Número de control: UPN11000001067
040 ## - FUENTE DE CATALOGACIÓN
- Lenguaje de catalogación: spa
- Agencia de transcripción: MX-MxUPN
- Agencia original de catalogación: MX-MxUPN
100 1# - ENCABEZAMIENTO - NOMBRE PERSONAL
- Nombre personal: Laurell, Asa Cristina
372 ## - CAMPO DE ACTIVIDAD
- Fuente del término: $naf
- Field of activity: Sociología
- Field of activity: Medicina social
373 ## - GRUPO ASOCIADO
- Fuente del término: $naf
- Associated group: Universidad Autónoma Metropolitana
374 ## - OCUPACIÓN
- Occupation: Médica
- Occupation: Profesora universitaria
670 ## - FUENTE EN LA QUE SE LOCALIZARON DATOS
- Cita de la fuente: LC, 06 mayo 2024:
- Información localizada: (Laurell, Asa Cristina)
- Uniform Resource Identifier: https://lccn.loc.gov/n82058371
680 ## - NOTA PUBLICA DE ACCESO PÚBLICO
- Frase explicativa de la referencia: Investigadora, médica y política de origen sueco y naturalizada mexicana
902 ## - CATALOGADOR
- Catalogador: DAA/220208
